Selected writings / (Record no. 1256)

MARC details
000 -LEADER
fixed length control field 00726pam a2200241 4500
001 - CONTROL NUMBER
control field 1673
003 - CONTROL NUMBER IDENTIFIER
control field OCoLC
005 - DATE AND TIME OF LATEST TRANSACTION
control field 20181127163753.0
008 - FIXED-LENGTH DATA ELEMENTS--GENERAL INFORMATION
fixed length control field 940104s1994 inu b 000 0 eng
010 ## - LIBRARY OF CONGRESS CONTROL NUMBER
LC control number 94000362
020 ## - INTERNATIONAL STANDARD BOOK NUMBER
International Standard Book Number 0872202186 (pbk. : alk. paper)
International Standard Book Number 0872202194 (cloth)
041 1# - LANGUAGE CODE
Language code of text/sound track or separate title eng
Language code of original ger
100 1# - MAIN ENTRY--PERSONAL NAME
Personal name Marx, Karl,
Dates associated with a name 1818-1883.
240 00 - UNIFORM TITLE
Uniform title Selections.
Language of a work English.
Date of a work 1994.
245 10 - TITLE STATEMENT
Title Selected writings /
Statement of responsibility, etc. Karl Marx ; edited, with introduction, by Lawrence H. Simon.
260 ## - PUBLICATION, DISTRIBUTION, ETC.
Place of publication, distribution, etc. Indianapolis :
Name of publisher, distributor, etc. Hackett,
Date of publication, distribution, etc. c1994.
300 ## - PHYSICAL DESCRIPTION
Extent xxxviii, 346 p. ;
Dimensions 22 cm.
504 ## - BIBLIOGRAPHY, ETC. NOTE
Bibliography, etc. note Includes bibliographical references.
650 #0 - SUBJECT ADDED ENTRY--TOPICAL TERM
Topical term or geographic name entry element Communism.
Topical term or geographic name entry element Socialism.
700 10 - ADDED ENTRY--PERSONAL NAME
Personal name Simon, Lawrence Hugh,
Dates associated with a name 1947-
Holdings
Withdrawn status Lost status Source of classification or shelving scheme Damaged status Not for loan Collection code Home library Current library Shelving location Date acquired Serial Enumeration / chronology Inventory number Total Checkouts Total Renewals Full call number Barcode Checked out Date last seen Date last checked out Price effective from Koha item type
    Dewey Decimal Classification     Main TEST RTC Library RTC Library Main opac 02/09/2021 2544 4 5 335.4 MAR 30000231 21/05/2026 06/04/2026 06/04/2026 27/11/2018 Main
Royal Thimphu College || All Right Reserved